Handbook of European history, 1400-1600 : Late Middle Ages, Renaissance, and Reformation

Αποθηκεύτηκε σε:
Λεπτομέρειες βιβλιογραφικής εγγραφής
Κύριος συγγραφέας: Brady, Thomas A.
Άλλοι συγγραφείς: Oberman, Heiko Augustinus, Tracy, James D.
Μορφή: Βιβλίο
Γλώσσα:English
Δημοσίευση: Leiden : E. J. Brill, 1994
Θέματα:
Ετικέτες: Προσθήκη ετικέτας
Δεν υπάρχουν, Καταχωρήστε ετικέτα πρώτοι!

MARC

LEADER 00000cam a2200000 i 4500
001 1/105988
008 000329s1994 eng d
020 |a 90-04-09760-0 
035 |l 10059459 
040 |a GR-MY-UA  |b gre  |e aacr 
041 0 |a eng 
082 0 |a 940.2 
100 1 |a Brady, Thomas A. 
245 1 0 |a Handbook of European history, 1400-1600 :  |b Late Middle Ages, Renaissance, and Reformation /  |c edited by Thomas A. Braby, Jr.,Heiko A. Oderman, James D. Tracy 
260 |a Leiden :   |b E. J. Brill,   |c 1994 
300 |a 2 v.  |b maps 
504 |a Includes bibliographical references and index 
505 0 |a v.1: Structures and assertionsv.1: Visions, programs and outcomes 
651 0 |a Europe  |x History  |y 15th century. 
651 0 |a Europe  |x History  |y 1492-1648. 
700 1 |a Oberman, Heiko Augustinus. 
700 1 |a Tracy, James D. 
740 0 2 |a Structures and assertions 
740 0 2 |a Visions, programs and outcomes 
852 |a INST  |b LESVOS  |e 20000329  |h 940.2 BRA  |p 005100021697  |q 005100021697  |t BK  |y 0  |z v.1 
852 |a INST  |b LESVOS  |e 20000329  |h 940.2 BRA  |p 005100021698  |q 005100021698  |t BK  |y 0  |z v.2 
852 |a INST  |b LESVOS  |e 20000329  |h 940.2 BRA  |p 005100021697  |q 005100021697  |t BK  |v v.1:  |y 0  |z v.1 
852 |a INST  |b LESVOS  |e 20000329  |h 940.2 BRA  |p 005100021698  |q 005100021698  |t BK  |v v.2:  |y 0  |z v.2 
853 |a INST  |b LESVOS  |h 940.2 BRA 
901 |a BIBL1-2000-1 
909 |a Λ  |b 069508 
970 |a ΑΙΒΑΤΖΙΔΟΥ  |b ΕΛΕΝΗ  |z 2000/03/29